000 01498nam a2200373 a 4500
001 ebr10230029
003 CaPaEBR
006 m u
007 cr cn|||||||||
008 850926s1986 ilua sb 101 0 eng d
010 _z 85020989
020 _z0226261646
020 _z9780226261645
020 _z9780226261829
040 _aCaPaEBR
_cCaPaEBR
035 _a(OCoLC)560661850
043 _an-us---
050 1 4 _aHD6273
_b.B57 1986eb
082 0 4 _a331.3/46396073
_219
245 0 4 _aThe Black youth employment crisis
_h[electronic resource] /
_cedited by Richard B. Freeman and Harry J. Holzer.
260 _aChicago :
_bUniversity of Chicago Press,
_c1986.
300 _aviii, 469 p. :
_bill.
490 1 _aNational Bureau of Economic Research project report
504 _aIncludes bibliographies and indexes.
533 _aElectronic reproduction.
_bPalo Alto, Calif. :
_cebrary,
_d2013.
_nAvailable via World Wide Web.
_nAccess may be limited to ebrary affiliated libraries.
650 0 _aAfrican American youth
_xEmployment
_vCongresses.
650 0 _aUnemployment
_zUnited States
_vCongresses.
655 7 _aElectronic books.
_2local
700 1 _aFreeman, Richard B.
_q(Richard Barry),
_d1943-
700 1 _aHolzer, Harry J.,
_d1957-
710 2 _aebrary, Inc.
830 0 _aNational Bureau of Economic Research project report.
856 4 0 _uhttp://site.ebrary.com/lib/rucke/Doc?id=10230029
_zAn electronic book accessible through the World Wide Web; click to view
999 _c39276
_d39276